000 00659nam a2200157 4500
999 _c7474
_d7474
008 170922b xxu||||| |||| 00| 0 eng d
022 _a0091-4169
082 _aDPer 364.05 J82 2013 v. 103, n. 3
100 _922667
_aStratford, John A.
245 _aAdventures on the autobahn and infobahn:
_bUnited States V. Jones, mandatory data retention, and a more reasonable "reasonable expectation of privacy"/
_cJohn A. Stratford.
260 _aEvanston:
_bNorthwestern University Press,
_c©2013.
300 _av103 n3, pages 985-1014;
_c25 cm.
500 _aThe journal of criminal law and criminology.
650 0 _922668
_aRight of privacy.
942 _2ddc
_cPER